| 000 | 00600nam a2200193 i 4500 | ||
|---|---|---|---|
| 001 | 15716 | ||
| 003 | ES-MaACL | ||
| 005 | 20230906151134.0 | ||
| 007 | t| | ||
| 008 | 000504s1996 sp |||| | spa j | ||
| 020 | _a84-921517-0-6 | ||
| 080 | _a821.134.2-14"19" | ||
| 100 | 1 |
_aDurán, Luisa. _946191 |
|
| 245 | 1 | 0 |
_aVivencias / _cLuisa Durán ; prólogo de Alejandro García Galán. |
| 260 |
_aMadrid (Plaza Mondáriz, 7) : _bL. Durán, _c1996. |
||
| 300 |
_a70 p ; _c21 cm. |
||
| 700 | 1 |
_aGarcía Galán, Alejandro. _954633 |
|
| 852 |
_aES-MaACL _jL-22964 _z. - Dedicatoria autógrafa de la autora |
||
| 999 |
_c15716 _d15716 |
||